Elizabeth Susan Pascoe v First SoS and The Urban Regeneration Agency and Liverpool City Counci (Record no. 77895)

MARC details
000 -LEADER
fixed length control field 02541cab a2200289 4500
001 - CONTROL NUMBER
control field ##L135449
008 - FIXED-LENGTH DATA ELEMENTS--GENERAL INFORMATION
fixed length control field 061026n2006 000 0 eng u
035 ## - SYSTEM CONTROL NUMBER
System control number (Sirsi) u135449
041 0# - LANGUAGE CODE
Language code of text/sound track or separate title eng
245 00 - TITLE STATEMENT
Title Elizabeth Susan Pascoe v First SoS and The Urban Regeneration Agency and Liverpool City Counci
260 ## - PUBLICATION, DISTRIBUTION, ETC.
Date of publication, distribution, etc. 2006
520 ## - SUMMARY, ETC.
Summary, etc. [2006] EWHC 2356 (Admin) 27 September 2006. Considers the statutory requirement under the Leasehold Reform, Housing and Urban Development Act 1993 s159(2) to establish whether, considered as a whole, land is under-used or ineffectively used, in order to acquire it compulsorily. Application by P for judicial review of the validity of a compulsory purchase order made by U through powers conferred by s162 of the Act. F's inspector held that the order land fulfilled the s159(2) statutory requirement. F confirmed the order. P contended that F had been mistaken in holding that the s159(2) requirement was satisfied, that the order constituted unjustifiable interference with her Convention rights including the right to a fair hearing. "Held": application granted. F and his inspector had engaged in an impermissible dilution of the statutory requirement that had to be satisfied before U was empowered to acquire the land. The error made by F in confirming the order could not be remedied by recourse to s160(4) of the Act. The interference with P's Convention rights constituted a breach of the Human Rights Act 1998 s6 but there had been no breach of her Convention right relating to fair hearing.
590 ## - LOCAL NOTE (RLIN)
Local note IKA311006
650 24 - SUBJECT ADDED ENTRY--TOPICAL TERM
Topical term or geographic name entry element PASCOE V FIRST SOS AND OTHERS
650 24 - SUBJECT ADDED ENTRY--TOPICAL TERM
Topical term or geographic name entry element LEASEHOLD REFORM, HOUSING AND URBAN DEVELOPMENT ACT 1993 S159(2)
650 24 - SUBJECT ADDED ENTRY--TOPICAL TERM
Topical term or geographic name entry element LEASEHOLD REFORM, HOUSING AND URBAN DEVELOPMENT ACT 1993 S160(4)
650 24 - SUBJECT ADDED ENTRY--TOPICAL TERM
Topical term or geographic name entry element LEASEHOLD REFORM, HOUSING AND URBAN DEVELOPMENT ACT 1993 S162
650 24 - SUBJECT ADDED ENTRY--TOPICAL TERM
Topical term or geographic name entry element HUMAN RIGHTS ACT 1998 S6
650 24 - SUBJECT ADDED ENTRY--TOPICAL TERM
Topical term or geographic name entry element CONVENTION FOR THE PROTECTION OF HUMAN RIGHTS AND FUNDAMENTAL FREEDOMS ART 8
650 24 - SUBJECT ADDED ENTRY--TOPICAL TERM
Topical term or geographic name entry element CONVENTION FOR THE PROTECTION OF HUMAN RIGHTS AND FUNDAMENTAL FREEDOMS PROTOCOL1 ART 1
650 24 - SUBJECT ADDED ENTRY--TOPICAL TERM
Topical term or geographic name entry element CONVENTION FOR THE PROTECTION OF HUMAN RIGHTS AND FUNDAMENTAL FREEDOMS ART 6.1
650 24 - SUBJECT ADDED ENTRY--TOPICAL TERM
Topical term or geographic name entry element MEYRICK ESTATE MANAGEMENT LTD V SOS ENVIRONMENT
651 ## - SUBJECT ADDED ENTRY--GEOGRAPHIC NAME
Geographic name England and Wales
Chronological subdivision 1543-
690 ## - LOCAL SUBJECT ADDED ENTRY--TOPICAL TERM (OCLC, RLIN)
Topical term or geographic name as entry element ENVIRONMENTAL AND LAND CONSULTANCY-PLANNING AND DEVELOPMENT-COMPULSORY PURCHASE AND COMPENSATION
856 40 - ELECTRONIC LOCATION AND ACCESS
Uniform Resource Identifier <a href="https://www.bailii.org/ew/cases/EWHC/Admin/2006/2356.html">https://www.bailii.org/ew/cases/EWHC/Admin/2006/2356.html</a>
Public note View the judgment free of charge at www.bailii.org...
942 ## - ADDED ENTRY ELEMENTS (KOHA)
Suppress in OPAC 0
Holdings
Withdrawn status Lost status Source of classification or shelving scheme Damaged status Not for loan Home library Current library Shelving location Date acquired Total Checkouts Full call number Barcode Date last seen Copy number Price effective from Koha item type
    Dewey Decimal Classification     Virtual Virtual Online 26/10/2006   ONLINE PUBLICATION 135449-2001 06/08/2019 1 06/08/2019 Law report